| 000 | 00625nam a2200277Ia 4500 | ||
|---|---|---|---|
| 001 | Z_3222 | ||
| 003 | CHAP | ||
| 008 | 220113s1990 xx 000 0 und d | ||
| 010 | _a166330 | ||
| 040 | _cCHAP | ||
| 082 | _a860 S3 | ||
| 100 |
_aSefchovich, Sara _9140423 |
||
| 245 |
_aDemasiado amor / _cpor Sara Sefchovich |
||
| 260 |
_aMéxico, D. F. : _bPlaneta, _c1990 |
||
| 300 | _a185 p. | ||
| 440 |
_aNarrativa actual Mexicana _9140424 |
||
| 500 | _a | ||
| 503 | _a | ||
| 650 | _aLiteratura mexicana I. t. | ||
| 901 | _a860 S3 | ||
| 902 | _aA | ||
| 910 | _a1990 | ||
| 942 | _c1 | ||
| 942 | _cc1 | ||
| 999 |
_c166330 _d166330 |
||